000 00279nam a2200121Ia 4500
999 _c14312
_d14312
008 260210s9999 xx 000 0 und d
020 _a9780367577643
082 _a614.84
100 _aBurke
245 0 _aFire Protection:System And Response
260 _bCRC
942 _cUG
_2ddc